000 00757nam a2200265 i 4500
001 C2-0247309
003 PPAK
005 20180727211916.0
008 030326s2001 enka|||| ||||| | eng d
020 _a0751335894
040 _aPPAK
_beng
_cPPAK
_erda
082 0 4 _a978.02
_223
090 0 0 _a978.02
_bMUR
_dR
100 1 _aMurray, Stewart,
_eauthor
245 1 0 _aWild West
264 1 _aLondon :
_bDorling Kindersley ,
_c2001
300 _a64 pages :
_bcolour illustrations ;
_c29 cm
336 _2rdacontent
_atext
337 _2rdamedia
_aunmediated
338 _2rdacarrier
_avolume
490 1 _aEyewitness books
650 1 0 _aWest (U.S.) - History To 1848 ; West (U.S.) - History - 1848-1860
830 0 _aEyewitness books
942 _ddc
_cB
999 _c61183
_d61183